• 首页
  • 本馆介绍
  • 公告通知
  • 最新文献
  • 馆藏检索
  • 电子资源
  • 读者导购
  • 参考咨询
  • 我的图书馆
  • 登录
  • 详细信息显示
  • 放入我的书架
  • 预约/预借图书
  • 作者相关作品
  • 分类相关作品
  • 丛书相关作品
  • 出版社相关作品

书目信息

  • 表格格式
  • 工作单格式
  • 卡片格式
题名:
类篇
    
 
作者: 司马光 编
分册: 一  
出版信息: 上海   上海古籍出版社  1984.06
页数: 1册
开本: 24*18cm
丛书名:
单 册:
中图分类: H162.44
科图分类:
主题词: 汉语--词典学
电子资源:
ISBN:
000 00723nam0 2200229 450
001 0632364888
005 20061023091140.10
010    @b线装@dCNY26.00(函)
091    @a9186.23
100    @a20061023d1984 km y0chiy0120 ea
101 0  @achi
102    @aCN@b310000
200 1  @a类篇@Alei pian@h一@f(宋)司马光等编@F(song)si ma guang deng bian
210    @a上海@c上海古籍出版社@d1984.06
215    @a1册@d24*18cm
300    @a全套十册,四十五卷,定价78元,一至四册为第一函,五至册为第二函,九至十册为第三函
305    @a汲古阁毛氏精景写本恰府藏书,原书版框高240毫米,宽180毫米
606 0  @a汉语@x词典学
690    @aH162.44@v3
701  0 @a司马光@Asi ma guang@4编
801  0 @aCN@bPFT@c20061023
905    @a10447@dH162.44@e20:1
    
    类篇.一/(宋)司马光等编.-上海:上海古籍出版社,1984.06
    1册;24*18cm
    全套十册,四十五卷,定价78元,一至四册为第一函,五至册为第二函,九至十册为第三函
    
    ISBN (线装):CNY26.00(函)
    
●
相关链接 在E读中查询图书 在五车中查询图书 在当当中查询图书 在豆瓣中查询图书


正题名:类篇     索取号:H162.44/20:1         预约/预借

序号 登录号 条形码 馆藏地/架位号 状态 备注
1 0118447   202416554   古籍典藏专区/ [索取号:H162.44/20:1] 在馆    
2 0118447   202416590   古籍典藏专区/ [索取号:H162.44/20:1] 在馆    
3 0118627   202416518   古籍典藏专区/ [索取号:H162.44/20:1] 在馆    
4 0118628   202416634   古籍典藏专区/ [索取号:H162.44/20:1] 在馆    
唐山师范学院图书馆 欢迎您!
大连网信软件有限公司© 版权所有